[Event "Stay Safe Play From Home 381"]
[Site "Emanuel Lasker Arena"]
[Date "2020.08.13"]
[Round "5"]
[White "Buzaglo"]
[Black "Cybertonio"]
[Result "1-0"]
[WhiteElo "1756"]
[BlackElo "1584"]
[Annotator "NA"]
[PlyCount "69"]
[EventDate "2020.08.13"]
[EventType "swiss (blitz)"]

1. d4 {[%emt 0:00:01]} g6 {[%emt 0:00:11]} 2. Nf3 {[%emt 0:00:00]} Bg7 {[%emt 0:00:03]} 3. g3 {[%emt 0:00:01]} f6 {[%emt 0:00:00]} 4. Bg2 {[%emt 0:00:01]} Nh6 {[%emt 0:00:00]} 5. O-O {[%emt 0:00:01]} Nf7 {[%emt 0:00:00]} 6. e4 {[%emt 0:00:01]} O-O {[%emt 0:00:00]} 7. c4 {[%emt 0:00:01]} d6 {[%emt 0:00:00]} 8. Nc3 {[%emt 0:00:01]} Nd7 {[%emt 0:00:00]} 9. Re1 {[%emt 0:00:01]} e5 {[%emt 0:00:01]} 10. Nd5 {[%emt 0:00:04]} c6 {[%emt 0:00:01]} 11. Nc3 {[%emt 0:00:02]} a5 {[%emt 0:00:02]} 12. a3 {[%emt 0:00:03]} b6 {[%emt 0:00:01]} 13. Be3 {[%emt 0:00:03]} Bb7 {[%emt 0:00:00]} 14. Qc1 {[%emt 0:00:01]} Rb8 {[%emt 0:00:00]} 15. Bh6 {[%emt 0:00:01]} Bxh6 {[%emt 0:00:02]} 16. Qc2 {[%emt 0:00:02]} Bg7 {[%emt 0:00:01]} 17. Rad1 {[%emt 0:00:03]} exd4 {[%emt 0:00:02]} 18. Nxd4 {[%emt 0:00:02]} Nfe5 {[%emt 0:00:00]} 19. f4 {[%emt 0:00:02]} Nxc4 {[%emt 0:00:02]} 20. Nce2 {[%emt 0:00:04]} b5 {[%emt 0:00:02]} 21. Qd3 {[%emt 0:00:02]} c5 {[%emt 0:00:06]} 22. Nxb5 {[%emt 0:00:02]} Qb6 {[%emt 0:00:05]} 23. Nxd6 {[%emt 0:00:03]} Nxd6 {[%emt 0:00:04]} 24. Qxd6 {[%emt 0:00:00]} Qxd6 {[%emt 0:00:01]} 25. Rxd6 {[%emt 0:00:00]} Rbd8 {[%emt 0:00:08]} 26. Red1 {[%emt 0:00:03]} Rf7 {[%emt 0:00:03]} 27. Bh3 {[%emt 0:00:03]} f5 {[%emt 0:00:03]} 28. e5 {[%emt 0:00:03]} Re7 {[%emt 0:00:02]} 29. e6 {[%emt 0:00:03]} Bf3 {[%emt 0:00:13]} 30. Bf1 {[%emt 0:00:14]} Bd4+ {[%emt 0:00:27]} 31. Nxd4 {[%emt 0:00:01]} cxd4 {[%emt 0:00:11]} 32. R1xd4 {[%emt 0:00:02]} Kg7 {[%emt 0:00:14]} 33. Rxd7 {[%emt 0:00:07]} Rexd7 {[%emt 0:00:02]} 34. Rxd7+ {[%emt 0:00:01]} Rxd7 {[%emt 0:00:03]} 35. exd7 {[%emt 0:00:00] Cybertonio abandonne Cybertonio abandonne Cybertonio abandonne (Lag: Av=1.13s, max=1.8s) (Lag: Av=1.13s, max=1.8s) (Lag: Av=1.13s, max=1.8s)} 1-0

[Event "Stay Safe Play From Home 381"]
[Site "Emanuel Lasker Arena"]
[Date "2020.08.13"]
[Round "5"]
[White "Timbre"]
[Black "Kongle"]
[Result "1-0"]
[WhiteElo "1607"]
[BlackElo "1760"]
[Annotator "NA"]
[PlyCount "73"]
[EventDate "2020.08.13"]
[EventType "swiss (blitz)"]

1. d4 {[%emt 0:00:18]} Nf6 {[%emt 0:00:03]} 2. Nf3 {[%emt 0:00:03]} e6 {[%emt 0:00:03]} 3. c3 {[%emt 0:00:02]} b6 {[%emt 0:00:01]} 4. Bf4 {[%emt 0:00:02]} Bb7 {[%emt 0:00:01]} 5. e3 {[%emt 0:00:01]} d6 {[%emt 0:00:01]} 6. Be2 {[%emt 0:00:01]} Nbd7 {[%emt 0:00:01]} 7. Nbd2 {[%emt 0:00:01]} Be7 {[%emt 0:00:01]} 8. h3 {[%emt 0:00:01]} O-O {[%emt 0:00:02]} 9. O-O {[%emt 0:00:01]} c5 {[%emt 0:00:02]} 10. Re1 {[%emt 0:00:02]} cxd4 {[%emt 0:00:01]} 11. exd4 {[%emt 0:00:02]} Rc8 {[%emt 0:00:01]} 12. Nf1 {[%emt 0:00:04]} a6 {[%emt 0:00:02]} 13. a3 {[%emt 0:00:03]} b5 {[%emt 0:00:01]} 14. Ne3 {[%emt 0:00:05]} Nb6 {[%emt 0:00:03]} 15. Bg5 {[%emt 0:00:04]} Ne4 {[%emt 0:00:04]} 16. Bxe7 {[%emt 0:00:05]} Qxe7 {[%emt 0:00:01]} 17. Nf1 {[%emt 0:00:06]} f5 {[%emt 0:00:06]} 18. N1d2 {[%emt 0:00:09]} Nxd2 {[%emt 0:00:07]} 19. Qxd2 {[%emt 0:00:02]} Be4 {[%emt 0:00:11]} 20. Qd1 {[%emt 0:00:10]} Na4 {[%emt 0:00:05]} 21. Ra2 {[%emt 0:00:12]} Bd5 {[%emt 0:00:04]} 22. c4 {[%emt 0:00:03]} Bxc4 {[%emt 0:00:07]} 23. Bxc4 {[%emt 0:00:03]} Rxc4 {[%emt 0:00:18]} 24. b3 {[%emt 0:00:05]} Nc3 {[%emt 0:00:02]} 25. Qd2 {[%emt 0:00:02]} Rc7 {[%emt 0:00:11]} 26. Rc2 {[%emt 0:00:03]} Rfc8 {[%emt 0:00:03]} 27. Rec1 {[%emt 0:00:02]} Ne4 {[%emt 0:00:42]} 28. Qe2 {[%emt 0:00:05]} Rxc2 {[%emt 0:00:03]} 29. Rxc2 {[%emt 0:00:02]} Rxc2 {[%emt 0:00:08]} 30. Qxc2 {[%emt 0:00:02]} Qd7 {[%emt 0:00:02]} 31. b4 {[%emt 0:00:07]} d5 {[%emt 0:00:03]} 32. Ne5 {[%emt 0:00:03]} Qd8 {[%emt 0:00:06]} 33. Qc6 {[%emt 0:00:06]} Nd6 {[%emt 0:00:09]} 34. Qxa6 {[%emt 0:00:03]} h6 {[%emt 0:00:01]} 35. Qc6 {[%emt 0:00:02]} Kh7 {[%emt 0:00:02]} 36. a4 {[%emt 0:00:03]} Nc4 {[%emt 0:00:02]} 37. Qxe6 {[%emt 0:00:04] Time Time Time ' ' ' (Lag: Av=0.81s, max=8.6s) (Lag: Av=0.81s, max=8.6s) (Lag: Av=0.81s, max=8.6s)} 1-0

[Event "Stay Safe Play From Home 381"]
[Site "Emanuel Lasker Arena"]
[Date "2020.08.13"]
[Round "6"]
[White "SelamiSahin"]
[Black "Buzaglo"]
[Result "1-0"]
[WhiteElo "2165"]
[BlackElo "1765"]
[PlyCount "95"]
[EventDate "2020.08.13"]
[EventType "swiss (blitz)"]

{Yarar, Atakan} 1. d4 {[%emt 0:00:01]} d5 {[%emt 0:00:01]} 2. c4 {[%emt 0:00:01]} e6 {[%emt 0:00:01]} 3. Nc3 {[%emt 0:00:01]} Nf6 {[%emt 0:00:01]} 4. Bg5 {[%emt 0:00:03]} Be7 {[%emt 0:00:01]} 5. e3 {[%emt 0:00:02]} O-O {[%emt 0:00:01]} 6. Qc2 {[%emt 0:00:02]} h6 {[%emt 0:00:01]} 7. Bh4 {[%emt 0:00:03]} c5 {[%emt 0:00:01]} 8. dxc5 {[%emt 0:00:09]} Bxc5 {[%emt 0:00:02]} 9. Rd1 {[%emt 0:00:04]} Nbd7 {[%emt 0:00:05]} 10. cxd5 {[%emt 0:00:03]} exd5 {[%emt 0:00:12]} 11. Rxd5 {[%emt 0:00:01]} Qc7 {[%emt 0:00:11]} 12. Rd2 {[%emt 0:00:06]} Bb4 {[%emt 0:00:05]} 13. Nf3 {[%emt 0:00:10]} Rd8 {[%emt 0:00:13]} 14. Be2 {[%emt 0:00:05]} g5 {[%emt 0:00:06]} 15. Bg3 {[%emt 0:00:12]} Qa5 {[%emt 0:00:01]} 16. O-O {[%emt 0:00:03]} b6 {[%emt 0:00:19]} 17. Ne5 {[%emt 0:00:03]} Bb7 {[%emt 0:00:18]} 18. Qf5 {[%emt 0:00:02]} Nxe5 {[%emt 0:00:12]} 19. Qxf6 {[%emt 0:00:03]} Nd7 {[%emt 0:00:27]} 20. Rxd7 {[%emt 0:00:07]} Rxd7 {[%emt 0:00:04]} 21. Be5 {[%emt 0:00:00]} Kf8 {[%emt 0:00:05]} 22. Qh8+ {[%emt 0:00:04]} Ke7 {[%emt 0:00:03]} 23. Qf6+ {[%emt 0:00:02]} Ke8 {[%emt 0:00:04]} 24. Bb5 {[%emt 0:00:05]} Be7 {[%emt 0:00:08]} 25. Qh8+ {[%emt 0:00:03]} Bf8 {[%emt 0:00:01]} 26. Bd6 {[%emt 0:00:05]} Qxb5 {[%emt 0:00:04]} 27. Nxb5 {[%emt 0:00:02]} Re7 {[%emt 0:00:04]} 28. Bxe7 {[%emt 0:00:04]} Kxe7 {[%emt 0:00:00]} 29. Qe5+ {[%emt 0:00:01]} Kd8 {[%emt 0:00:01]} 30. Qc7+ {[%emt 0:00:01]} Ke8 {[%emt 0:00:01]} 31. Qxb7 {[%emt 0:00:00]} Be7 {[%emt 0:00:00]} 32. Qxa8+ {[%emt 0:00:01]} Bd8 {[%emt 0:00:01]} 33. Qxa7 {[%emt 0:00:01]} Kf8 {[%emt 0:00:00]} 34. Qb8 {[%emt 0:00:01]} Kg7 {[%emt 0:00:00]} 35. Qxd8 {[%emt 0:00:01]} h5 {[%emt 0:00:00]} 36. Qxb6 {[%emt 0:00:00]} g4 {[%emt 0:00:00]} 37. Qd4+ {[%emt 0:00:01]} Kh7 {[%emt 0:00:01]} 38. Qf4 {[%emt 0:00:00]} f5 {[%emt 0:00:00]} 39. Qxf5+ {[%emt 0:00:01]} Kg7 {[%emt 0:00:00]} 40. Qxh5 {[%emt 0:00:01]} g3 {[%emt 0:00:00]} 41. Qg4+ {[%emt 0:00:01]} Kf6 {[%emt 0:00:00]} 42. Qxg3 {[%emt 0:00:00]} Ke6 {[%emt 0:00:01]} 43. Rd1 {[%emt 0:00:01]} Kf6 {[%emt 0:00:00]} 44. Rd6+ {[%emt 0:00:01]} Ke7 {[%emt 0:00:01]} 45. Qe5+ {[%emt 0:00:01]} Kf8 {[%emt 0:00:01]} 46. Rf6+ {[%emt 0:00:00]} Kg7 {[%emt 0:00:00]} 47. Qg5+ {[%emt 0:00:00]} Kh7 {[%emt 0:00:00]} 48. Rh6# {[%emt 0:00:00] (Lag: Av=0.59s, max=0.9s) (Lag: Av=0.59s, max=0.9s) (Lag: Av=0.59s, max=0.9s)} 1-0

[Event "Stay Safe Play From Home 381"]
[Site "Emanuel Lasker Arena"]
[Date "2020.08.13"]
[Round "6"]
[White "Lolzz"]
[Black "Greblah"]
[Result "1/2-1/2"]
[WhiteElo "2115"]
[BlackElo "1870"]
[PlyCount "63"]
[EventDate "2020.08.13"]
[EventType "swiss (blitz)"]

1. d4 {[%emt 0:00:02]} c6 {[%emt 0:00:00]} 2. c4 {[%emt 0:00:07]} d5 {[%emt 0:00:00]} 3. cxd5 {[%emt 0:00:05]} cxd5 {[%emt 0:00:01]} 4. Bf4 {[%emt 0:00:02]} Nf6 {[%emt 0:00:02]} 5. e3 {[%emt 0:00:06]} Nc6 {[%emt 0:00:01]} 6. Nc3 {[%emt 0:00:05]} e6 {[%emt 0:00:01]} 7. Rc1 {[%emt 0:00:05]} Bd6 {[%emt 0:00:01]} 8. Bxd6 {[%emt 0:00:04]} Qxd6 {[%emt 0:00:01]} 9. Nf3 {[%emt 0:00:04]} a6 {[%emt 0:00:01]} 10. Be2 {[%emt 0:00:06]} O-O {[%emt 0:00:01]} 11. O-O {[%emt 0:00:01]} b5 {[%emt 0:00:01]} 12. a3 {[%emt 0:00:06]} Bb7 {[%emt 0:00:01]} 13. b4 {[%emt 0:00:05]} Rac8 {[%emt 0:00:02]} 14. Nd2 {[%emt 0:00:06]} Rc7 {[%emt 0:00:07]} 15. Nb3 {[%emt 0:00:10]} e5 {[%emt 0:00:03]} 16. Bxb5 {[%emt 0:00:06]} exd4 {[%emt 0:00:07]} 17. Bxc6 {[%emt 0:00:05]} dxc3 {[%emt 0:00:31]} 18. Bxb7 {[%emt 0:00:05]} Rxb7 {[%emt 0:00:01]} 19. Rxc3 {[%emt 0:00:05]} Qe5 {[%emt 0:00:04]} 20. Rc6 {[%emt 0:00:07]} Ra8 {[%emt 0:00:11]} 21. Nd4 {[%emt 0:00:05]} Ne4 {[%emt 0:00:10]} 22. Qd3 {[%emt 0:00:06]} Rba7 {[%emt 0:00:04]} 23. Nf3 {[%emt 0:00:06]} Qh5 {[%emt 0:00:05]} 24. h3 {[%emt 0:00:04]} h6 {[%emt 0:00:13]} 25. Rfc1 {[%emt 0:00:05]} Qf5 {[%emt 0:00:11]} 26. R1c5 {[%emt 0:00:03]} Rd7 {[%emt 0:00:10]} 27. Rxa6 {[%emt 0:00:04]} Rad8 {[%emt 0:00:04]} 28. Rc2 {[%emt 0:00:05]} Qh5 {[%emt 0:00:07]} 29. a4 {[%emt 0:00:05]} Nf6 {[%emt 0:00:02]} 30. Rac6 {[%emt 0:00:07]} Ne8 {[%emt 0:00:02]} 31. a5 {[%emt 0:00:04]} Nd6 {[%emt 0:00:01]} 32. b5 {[%emt 0:00:05] Lolzz offers a draw Lolzz offers a draw Lolzz offers a draw} 1/2-1/2

[Event "Stay Safe Play From Home 381"]
[Site "Emanuel Lasker Arena"]
[Date "2020.08.13"]
[Round "6"]
[White "Hickey"]
[Black "Haris kollari 13"]
[Result "1-0"]
[WhiteElo "2106"]
[BlackElo "1895"]
[Annotator "NA"]
[PlyCount "81"]
[EventDate "2020.08.13"]
[EventType "swiss (blitz)"]

1. Nf3 {[%emt 0:00:02]} d5 {[%emt 0:00:01]} 2. b3 {[%emt 0:00:01]} c5 {[%emt 0:00:02]} 3. Bb2 {[%emt 0:00:02]} Nc6 {[%emt 0:00:01]} 4. e3 {[%emt 0:00:02]} f6 {[%emt 0:00:01]} 5. d4 {[%emt 0:00:05]} e6 {[%emt 0:00:01]} 6. c4 {[%emt 0:00:06]} dxc4 {[%emt 0:00:02]} 7. Bxc4 {[%emt 0:00:02]} cxd4 {[%emt 0:00:01]} 8. exd4 {[%emt 0:00:08]} Bd6 {[%emt 0:00:04]} 9. O-O {[%emt 0:00:02]} Na5 {[%emt 0:00:08]} 10. Bd3 {[%emt 0:00:05]} Ne7 {[%emt 0:00:02]} 11. Re1 {[%emt 0:00:03]} O-O {[%emt 0:00:02]} 12. Nc3 {[%emt 0:00:00]} a6 {[%emt 0:00:02]} 13. Ne4 {[%emt 0:00:04]} Nd5 {[%emt 0:00:10]} 14. Nxd6 {[%emt 0:00:30]} Qxd6 {[%emt 0:00:02]} 15. Nd2 {[%emt 0:00:03]} Re8 {[%emt 0:00:05]} 16. Nc4 {[%emt 0:00:02]} Nxc4 {[%emt 0:00:02]} 17. bxc4 {[%emt 0:00:02]} Nf4 {[%emt 0:00:05]} 18. Bf1 {[%emt 0:00:07]} Bd7 {[%emt 0:00:02]} 19. Qb3 {[%emt 0:00:01]} Bc6 {[%emt 0:00:04]} 20. Rac1 {[%emt 0:00:08]} Kh8 {[%emt 0:00:04]} 21. Rc3 {[%emt 0:00:02]} Rad8 {[%emt 0:00:03]} 22. Rg3 {[%emt 0:00:02]} h6 {[%emt 0:00:08]} 23. Qc2 {[%emt 0:00:07]} Qb4 {[%emt 0:00:07]} 24. Ree3 {[%emt 0:00:11]} Qd6 {[%emt 0:00:23]} 25. Qc1 {[%emt 0:00:04]} b6 {[%emt 0:00:05]} 26. a3 {[%emt 0:00:03]} Ba8 {[%emt 0:00:02]} 27. Rg4 {[%emt 0:00:04]} h5 {[%emt 0:00:05]} 28. Rgg3 {[%emt 0:00:10]} g5 {[%emt 0:00:01]} 29. d5 {[%emt 0:00:04]} e5 {[%emt 0:00:02]} 30. Qd1 {[%emt 0:00:03]} Kg7 {[%emt 0:00:03]} 31. h4 {[%emt 0:00:01]} Kh6 {[%emt 0:00:03]} 32. hxg5+ {[%emt 0:00:01]} fxg5 {[%emt 0:00:01]} 33. Qe1 {[%emt 0:00:06]} b5 {[%emt 0:00:01]} 34. Bxe5 {[%emt 0:00:02]} Qf8 {[%emt 0:00:11]} 35. Bxf4 {[%emt 0:00:02]} gxf4 {[%emt 0:00:01]} 36. Re6+ {[%emt 0:00:00]} Kh7 {[%emt 0:00:14]} 37. Bd3+ {[%emt 0:00:01]} Kh8 {[%emt 0:00:04]} 38. Rg5 {[%emt 0:00:02]} Rxe6 {[%emt 0:00:15]} 39. Qxe6 {[%emt 0:00:00]} Rd6 {[%emt 0:00:07]} 40. Rxh5+ {[%emt 0:00:02]} Kg7 {[%emt 0:00:01]} 41. Rh7# {[%emt 0:00:01] (Lag: Av=0.67s, max=1.3s) (Lag: Av=0.67s, max=1.3s) (Lag: Av=0.67s, max=1.3s)} 1-0

[Event "Stay Safe Play From Home 381"]
[Site "Emanuel Lasker Arena"]
[Date "2020.08.13"]
[Round "6"]
[White "Ionelluca"]
[Black "Mepe_Nika"]
[Result "1-0"]
[WhiteElo "1960"]
[BlackElo "2382"]
[PlyCount "41"]
[EventDate "2020.08.13"]
[EventType "swiss (blitz)"]

1. c4 {[%emt 0:00:02]} c6 {[%emt 0:00:01]} 2. g3 {[%emt 0:00:03]} d5 {[%emt 0:00:00]} 3. Bg2 {[%emt 0:00:01]} Nf6 {[%emt 0:00:01]} 4. Nf3 {[%emt 0:00:01]} dxc4 {[%emt 0:00:01]} 5. Na3 {[%emt 0:00:02]} b5 {[%emt 0:00:08]} 6. Nxb5 {[%emt 0:00:07]} cxb5 {[%emt 0:00:03]} 7. Ng5 {[%emt 0:00:17]} Bd7 {[%emt 0:00:03]} 8. Bxa8 {[%emt 0:00:03]} Nc6 {[%emt 0:00:00]} 9. Bxc6 {[%emt 0:00:03]} Bxc6 {[%emt 0:00:01]} 10. Nf3 {[%emt 0:00:01]} h5 {[%emt 0:00:03]} 11. h4 {[%emt 0:00:02]} e5 {[%emt 0:00:03]} 12. Qc2 {[%emt 0:00:06]} e4 {[%emt 0:00:01]} 13. Ng5 {[%emt 0:00:01]} Bc5 {[%emt 0:00:05]} 14. f3 {[%emt 0:00:10]} exf3 {[%emt 0:00:06]} 15. Nxf3 {[%emt 0:00:04]} Ng4 {[%emt 0:00:06]} 16. Qf5 {[%emt 0:00:08]} Bf2+ {[%emt 0:00:18]} 17. Kf1 {[%emt 0:00:04]} Bxg3 {[%emt 0:00:11]} 18. d3 {[%emt 0:00:17]} cxd3 {[%emt 0:00:03]} 19. Bg5 {[%emt 0:00:04]} dxe2+ {[%emt 0:00:02]} 20. Kg2 {[%emt 0:00:02]} Qd6 {[%emt 0:00:24]} 21. Qc8+ {[%emt 0:00:03] Mepe_Nika resigns Mepe_Nika resigns Mepe_Nika resigns (Lag: Av=0.47s, max=0.6s) (Lag: Av=0.47s, max=0.6s) (Lag: Av=0.47s, max=0.6s)} 1-0

[Event "Stay Safe Play From Home 381"]
[Site "Emanuel Lasker Arena"]
[Date "2020.08.13"]
[Round "6"]
[White "Timbre"]
[Black "Chesstiger9"]
[Result "0-1"]
[WhiteElo "1631"]
[BlackElo "1985"]
[PlyCount "62"]
[EventDate "2020.08.13"]
[EventType "swiss (blitz)"]

{- Volkov, Yuri} 1. d4 {[%emt 0:00:08]} Nf6 {[%emt 0:00:03]} 2. Nf3 {[%emt 0:00:01]} g6 {[%emt 0:00:02]} 3. c3 {[%emt 0:00:02]} d5 {[%emt 0:00:02]} 4. Bf4 {[%emt 0:00:02]} Bg7 {[%emt 0:00:01]} 5. e3 {[%emt 0:00:01]} O-O {[%emt 0:00:01]} 6. Be2 {[%emt 0:00:01]} b6 {[%emt 0:00:01]} 7. Nbd2 {[%emt 0:00:01]} Bb7 {[%emt 0:00:01]} 8. O-O {[%emt 0:00:02]} Nbd7 {[%emt 0:00:01]} 9. a3 {[%emt 0:00:04]} c5 {[%emt 0:00:01]} 10. h3 {[%emt 0:00:04]} Ne4 {[%emt 0:00:04]} 11. Re1 {[%emt 0:00:08]} f6 {[%emt 0:00:03]} 12. Qc2 {[%emt 0:00:07]} e5 {[%emt 0:00:02]} 13. dxe5 {[%emt 0:00:03]} fxe5 {[%emt 0:00:01]} 14. Bh2 {[%emt 0:00:05]} Nxd2 {[%emt 0:00:03]} 15. Qxd2 {[%emt 0:00:05]} e4 {[%emt 0:00:01]} 16. Nd4 {[%emt 0:00:12]} cxd4 {[%emt 0:00:02]} 17. cxd4 {[%emt 0:00:01]} Qf6 {[%emt 0:00:04]} 18. Rf1 {[%emt 0:00:03]} Rac8 {[%emt 0:00:02]} 19. Bg4 {[%emt 0:00:03]} Qe7 {[%emt 0:00:05]} 20. Qb4 {[%emt 0:00:03]} Qf7 {[%emt 0:00:15]} 21. Qa4 {[%emt 0:00:10]} Bc6 {[%emt 0:00:13]} 22. Qb4 {[%emt 0:00:11]} h5 {[%emt 0:00:05]} 23. Bxd7 {[%emt 0:00:06]} Qxd7 {[%emt 0:00:01]} 24. Rac1 {[%emt 0:00:05]} Bb5 {[%emt 0:00:04]} 25. Rxc8 {[%emt 0:00:04]} Rxc8 {[%emt 0:00:02]} 26. Re1 {[%emt 0:00:02]} Bd3 {[%emt 0:00:01]} 27. Bg3 {[%emt 0:00:06]} Bf8 {[%emt 0:00:01]} 28. Qd2 {[%emt 0:00:07]} Qc6 {[%emt 0:00:03]} 29. Kh2 {[%emt 0:00:12]} Qc2 {[%emt 0:00:02]} 30. Qxc2 {[%emt 0:00:02]} Rxc2 {[%emt 0:00:01]} 31. b4 {[%emt 0:00:02]} a5 {[%emt 0:00:05] Timbre resigns Timbre resigns Timbre resigns (Lag: Av=0.41s, max=0.9s) (Lag: Av=0.41s, max=0.9s) (Lag: Av=0.41s, max=0.9s)} 0-1

[Event "Stay Safe Play From Home 381"]
[Site "Emanuel Lasker Arena"]
[Date "2020.08.13"]
[Round "6"]
[White "Cybertonio"]
[Black "Lazieri3"]
[Result "0-1"]
[WhiteElo "1575"]
[BlackElo "1912"]
[PlyCount "64"]
[EventDate "2020.08.13"]
[EventType "swiss (blitz)"]

1. Nf3 {[%emt 0:00:09]} c6 {[%emt 0:00:00]} 2. e3 {[%emt 0:00:02]} d5 {[%emt 0:00:00]} 3. d4 {[%emt 0:00:02]} Nf6 {[%emt 0:00:00]} 4. c4 {[%emt 0:00:01]} Bf5 {[%emt 0:00:00]} 5. c5 {[%emt 0:00:02]} e6 {[%emt 0:00:01]} 6. a3 {[%emt 0:00:03]} a5 {[%emt 0:00:01]} 7. b3 {[%emt 0:00:04]} Nbd7 {[%emt 0:00:01]} 8. Bb2 {[%emt 0:00:01]} b6 {[%emt 0:00:03]} 9. b4 {[%emt 0:00:01]} axb4 {[%emt 0:00:01]} 10. axb4 {[%emt 0:00:02]} Rxa1 {[%emt 0:00:00]} 11. Bxa1 {[%emt 0:00:01]} bxc5 {[%emt 0:00:02]} 12. bxc5 {[%emt 0:00:02]} Be7 {[%emt 0:00:00]} 13. Be2 {[%emt 0:00:01]} O-O {[%emt 0:00:01]} 14. O-O {[%emt 0:00:01]} h6 {[%emt 0:00:00]} 15. Bc3 {[%emt 0:00:02]} Ne4 {[%emt 0:00:01]} 16. Bb4 {[%emt 0:00:07]} Bf6 {[%emt 0:00:02]} 17. Nbd2 {[%emt 0:00:04]} e5 {[%emt 0:00:01]} 18. Nxe4 {[%emt 0:00:02]} Bxe4 {[%emt 0:00:00]} 19. Nd2 {[%emt 0:00:01]} Bg6 {[%emt 0:00:01]} 20. Qa4 {[%emt 0:00:04]} exd4 {[%emt 0:00:02]} 21. Qxc6 {[%emt 0:00:09]} dxe3 {[%emt 0:00:01]} 22. fxe3 {[%emt 0:00:01]} Ne5 {[%emt 0:00:05]} 23. Qa6 {[%emt 0:00:13]} Bg5 {[%emt 0:00:03]} 24. c6 {[%emt 0:00:07]} Bxe3+ {[%emt 0:00:02]} 25. Kh1 {[%emt 0:00:03]} Re8 {[%emt 0:00:12]} 26. Nf3 {[%emt 0:00:04]} Ng4 {[%emt 0:00:06]} 27. Be1 {[%emt 0:00:13]} Qc7 {[%emt 0:00:06]} 28. h3 {[%emt 0:00:05]} Ne5 {[%emt 0:00:06]} 29. Nxe5 {[%emt 0:00:02]} Qxe5 {[%emt 0:00:01]} 30. Bb5 {[%emt 0:00:07]} Bc5 {[%emt 0:00:09]} 31. c7 {[%emt 0:00:07]} Bd6 {[%emt 0:00:02]} 32. Bxe8 {[%emt 0:00:03]} Qh2# {[%emt 0:00:02] (Lag: Av=1.10s, max=1.4s) (Lag: Av=1.10s, max=1.4s) (Lag: Av=1.10s, max=1.4s)} 0-1

[Event "Stay Safe Play From Home 381"]
[Site "Emanuel Lasker Arena"]
[Date "2020.08.13"]
[Round "7"]
[White "Mepe_Nika"]
[Black "SelamiSahin"]
[Result "1-0"]
[WhiteElo "2351"]
[BlackElo "2168"]
[PlyCount "115"]
[EventDate "2020.08.13"]
[EventType "swiss (blitz)"]

{- Yarar, Atakan} 1. Nf3 {[%emt 0:00:05]} c6 {[%emt 0:00:00]} 2. d4 {[%emt 0:00:01]} d5 {[%emt 0:00:00]} 3. Bf4 {[%emt 0:00:01]} Bf5 {[%emt 0:00:02]} 4. e3 {[%emt 0:00:01]} Nd7 {[%emt 0:00:01]} 5. Bd3 {[%emt 0:00:00]} Bg6 {[%emt 0:00:03]} 6. O-O {[%emt 0:00:02]} e6 {[%emt 0:00:05]} 7. c4 {[%emt 0:00:01]} Ngf6 {[%emt 0:00:29]} 8. Nc3 {[%emt 0:00:01]} Be7 {[%emt 0:00:02]} 9. Ne5 {[%emt 0:00:02]} Nxe5 {[%emt 0:00:03]} 10. dxe5 {[%emt 0:00:02]} Nd7 {[%emt 0:00:04]} 11. cxd5 {[%emt 0:00:02]} cxd5 {[%emt 0:00:01]} 12. Nb5 {[%emt 0:00:02]} a6 {[%emt 0:00:07]} 13. Nd6+ {[%emt 0:00:05]} Bxd6 {[%emt 0:00:01]} 14. exd6 {[%emt 0:00:00]} Rc8 {[%emt 0:00:06]} 15. Bxg6 {[%emt 0:00:06]} hxg6 {[%emt 0:00:00]} 16. Qb3 {[%emt 0:00:01]} Qb6 {[%emt 0:00:03]} 17. Rac1 {[%emt 0:00:08]} O-O {[%emt 0:00:02]} 18. Rc7 {[%emt 0:00:05]} Qxb3 {[%emt 0:00:04]} 19. axb3 {[%emt 0:00:00]} Rxc7 {[%emt 0:00:02]} 20. dxc7 {[%emt 0:00:00]} Rc8 {[%emt 0:00:03]} 21. Bd6 {[%emt 0:00:02]} f6 {[%emt 0:00:10]} 22. Rc1 {[%emt 0:00:04]} e5 {[%emt 0:00:01]} 23. Rd1 {[%emt 0:00:03]} Nb6 {[%emt 0:00:03]} 24. f4 {[%emt 0:00:02]} Kf7 {[%emt 0:00:14]} 25. fxe5 {[%emt 0:00:01]} Ke6 {[%emt 0:00:01]} 26. Bc5 {[%emt 0:00:15]} Nd7 {[%emt 0:00:05]} 27. exf6 {[%emt 0:00:33]} Nxc5 {[%emt 0:00:04]} 28. fxg7 {[%emt 0:00:01]} Kf7 {[%emt 0:00:03]} 29. Rxd5 {[%emt 0:00:10]} Rxc7 {[%emt 0:00:01]} 30. b4 {[%emt 0:00:08]} Ne6 {[%emt 0:00:01]} 31. Rd6 {[%emt 0:00:09]} Nxg7 {[%emt 0:00:02]} 32. Rb6 {[%emt 0:00:01]} Nf5 {[%emt 0:00:05]} 33. Kf2 {[%emt 0:00:01]} Ne7 {[%emt 0:00:08]} 34. b5 {[%emt 0:00:04]} axb5 {[%emt 0:00:06]} 35. Rxb5 {[%emt 0:00:01]} Ke6 {[%emt 0:00:02]} 36. g4 {[%emt 0:00:01]} Nd5 {[%emt 0:00:04]} 37. Kf3 {[%emt 0:00:02]} Kd6 {[%emt 0:00:07]} 38. h4 {[%emt 0:00:01]} Kc6 {[%emt 0:00:01]} 39. Rb3 {[%emt 0:00:01]} Rf7+ {[%emt 0:00:01]} 40. Kg3 {[%emt 0:00:02]} Kc5 {[%emt 0:00:02]} 41. Rd3 {[%emt 0:00:01]} b5 {[%emt 0:00:04]} 42. b3 {[%emt 0:00:01]} b4 {[%emt 0:00:01]} 43. h5 {[%emt 0:00:01]} gxh5 {[%emt 0:00:01]} 44. gxh5 {[%emt 0:00:00]} Re7 {[%emt 0:00:01]} 45. Kg4 {[%emt 0:00:03]} Nxe3+ {[%emt 0:00:01]} 46. Kg5 {[%emt 0:00:02]} Nd5 {[%emt 0:00:01]} 47. h6 {[%emt 0:00:02]} Re1 {[%emt 0:00:04]} 48. h7 {[%emt 0:00:10]} Rg1+ {[%emt 0:00:01]} 49. Kh6 {[%emt 0:00:04]} Rh1+ {[%emt 0:00:01]} 50. Kg7 {[%emt 0:00:01]} Nf4 {[%emt 0:00:01]} 51. Rf3 {[%emt 0:00:03]} Ne6+ {[%emt 0:00:01]} 52. Kg8 {[%emt 0:00:01]} Nd4 {[%emt 0:00:01]} 53. Rg3 {[%emt 0:00:02]} Rxh7 {[%emt 0:00:02]} 54. Kxh7 {[%emt 0:00:01]} Kd5 {[%emt 0:00:00]} 55. Rg5+ {[%emt 0:00:00]} Ke4 {[%emt 0:00:01]} 56. Rg8 {[%emt 0:00:00]} Kd3 {[%emt 0:00:01]} 57. Rd8 {[%emt 0:00:00]} Kc3 {[%emt 0:00:00]} 58. Rc8+ {[%emt 0:00:01] Zaman Zaman Zaman (Lag: Av=0.51s, max=1.1s) (Lag: Av=0.51s, max=1.1s) (Lag: Av=0.51s, max=1.1s)} 1-0